000 00347nam a2200121Ia 4500
008 220217s9999||||xx |||||||||||||| ||und||
082 _a004.165 GOD
100 _aGodse, A.P Godse, D.A
_91199
245 0 _aAdvanced microprocessors microcontroller
260 _aTechnical publications
_bPune
_c2002
300 _b135
650 _aMICROPROCESSOR
999 _c168598
_d168598